000 00439nam a2200145Ia 4500
008 100415s9999 xx 000 0 und d
082 _b20655
_a599.82
100 _aHUXLEY, JULIET(FOREWORD)
245 _aJoy Adamson: Friends from the Forest.
260 _aLONDON
_c1981
_bCOLLINS AND HARVILL PRESS
365 _b30
630 _aJoy Adamson: Friends from the Forest.
730 _aJoy Adamson: Friends from the Forest.
942 _cBOOK
999 _c603537
_d603534